01690nam a22002177a 450000500170000000800410001702000180005804000070007608200170008310000190010024500560011926000550017530000290023036501040025952009900036365000280135365000250138165000230140665000190142970000240144820260327093414.0260327b |||||||| |||| 00| 0 eng d a9789353165512 cAL a515.35bCEND aYunus A Cengel aDifferential equations for engineers and scientists aChennaibMcGraw Hill Education India Pvt Ltdc2020 axii,611p.bPBc25.5x20cm 2Information Science and EngineeringaVBI-2645b₹671.25c₹d₹895.00e25%fVBI-2645g20-02-2026 aDifferential Equations for Engineers and Scientists is intended to be used in a first course on differential equations taken by science and engineering students. It covers the standard topics on differential equations with a wealth of applications drawn from engineering and science--with more engineering-specific examples than any other similar text. The text is the outcome of the lecture notes developed by the authors over the years in teaching differential equations to engineering students. Like Yunus Cengel's other texts, the material is introduced at a level that a typical student can follow comfortably, and the authors have made the text speak to the students and not over them. Differential Equations for Engineers and Scientists is written in plain language to help students learn the material without being hampered by excessive rigor or jargon. The friendly tone and the logical order are designed to motivate the student to read the book with interest and enthusiasm. aEngineering Mathematics aVariable Coefficents aLaplace Transforms aIndian Edition aPalm III, William J